[Event "BL 1011 (Women)"]
[Site "Germany"]
[Date "2011.02.20"]
[Round "9.5"]
[White "Straub, Natalia"]
[Black "Schott, Peggy"]
[Result "1-0"]
[WhiteElo "2224"]
[BlackElo "1812"]
[PlyCount "79"]
[EventDate "2010.11.06"]
[EventType "team-tourn"]
[EventRounds "11"]
[EventCountry "GER"]
[SourceTitle "EXT 2012"]
[Source "ChessBase"]
[SourceDate "2011.11.24"]
[SourceVersion "1"]
[SourceVersionDate "2011.11.24"]
[SourceQuality "1"]
[WhiteTeam "Halle Volksbank (W)"]
[BlackTeam "Guben (W)"]
[WhiteTeamCountry "GER"]
[BlackTeamCountry "GER"]

1. d4 f5 2. g3 e6 3. Bg2 Nf6 4. Nf3 Be7 5. 0-0 0-0 6. c4 d6 7. b3 Qe8 8. Nc3 Nc6 9. d5 exd5 10. cxd5 Ne5 11. Nd4 Bd8 12. Bb2 Qh5 13. e3 Qxd1 14. Rfxd1 Re8 15. Rac1 a6 16. Nce2 Ng6 17. Rc2 Ne4 18. Bh3 Rf8 19. Ba3 Ng5 20. Bg2 Ne4 21. Rdc1 Bd7 22. h4 h5 23. Bh3 Nf6 24. Nxf5 Ng4 25. Nfd4 Bf5 26. Nxf5 Rxf5 27. e4 Re5 28. f3 Nf6 29. Be6+ Kf8 30. Nf4 Nxf4 31. gxf4 Rxe6 32. dxe6 Ne8 33. Kg2 Bxh4 34. Rh1 Bf6 35. e5 Be7 36. Rxh5 Kg8 37. Rc1 g6 38. Rh6 Bf8 39. Rxg6+ Kh7 40. f5 1-0

[Event "Dresden ZMD op"]
[Site "Dresden"]
[Date "2009.07.25"]
[Round "1"]
[White "Boehm, Robert"]
[Black "Schott, Peggy"]
[Result "1-0"]
[WhiteElo "2173"]
[BlackElo "1799"]
[PlyCount "113"]
[EventDate "2009.07.25"]
[EventType "swiss"]
[EventRounds "9"]
[EventCountry "GER"]
[SourceTitle "CBM 131 Extra"]
[Source "ChessBase"]
[SourceDate "2009.09.03"]
[SourceVersion "2"]
[SourceVersionDate "2009.09.16"]
[SourceQuality "1"]

1. d4 f5 2. g3 g6 3. Bg2 Bg7 4. Nh3 Nf6 5. Nf4 d6 6. d5 c6 7. Nc3 0-0 8. 0-0 Qe8 9. e4 Qf7 10. exf5 Bxf5 11. Qe2 Ng4 12. Ne6 Rc8 13. h3 Ne5 14. f4 Bf6 15. fxe5 dxe5 16. Ng5 Qg7 17. g4 h6 18. gxf5 hxg5 19. fxg6 Qxg6 20. Be4 Qh6 21. Qg4 Rd8 22. Rf5 Qh4 23. Bxg5 Qxg4+ 24. hxg4 Kg7 25. Raf1 Rd6 26. Be3 Kg8 27. Bc5 Rd7 28. g5 Bg7 29. R5f3 Rc7 30. Be3 Nd7 31. Bf5 Nf8 32. dxc6 bxc6 33. Ne4 Rd8 34. Nc5 Rd6 35. b4 e6 36. Be4 Rc8 37. Nd3 Rd7 38. Bc5 Nh7 39. Bxh7+ Kxh7 40. Rf7 Rcd8 41. Nxe5 Rd5 42. g6+ Kg8 43. Nxc6 Rg5+ 44. Kh2 Re8 45. Ne7+ Kh8 46. R1f3 Be5+ 47. Kh1 Rh5+ 48. Kg1 Rd8 49. Rf8+ Rxf8 50. Rxf8+ Kg7 51. Rf7+ Kh8 52. Rh7+ Rxh7 53. gxh7 Kxh7 54. Bxa7 Bd6 55. Nc6 e5 56. b5 e4 57. b6 1-0

[Event "GER-ch U18 Girls"]
[Site "Willingen"]
[Date "2006.06.07"]
[Round "7"]
[White "Rath, Alina"]
[Black "Schott, Peggy"]
[Result "1-0"]
[WhiteElo "1853"]
[BlackElo "1600"]
[PlyCount "49"]
[EventDate "2006.06.03"]
[EventType "swiss"]
[EventRounds "9"]
[EventCountry "GER"]
[SourceTitle "EXT 2007"]
[Source "ChessBase"]
[SourceDate "2006.11.23"]
[SourceVersion "1"]
[SourceVersionDate "2006.11.23"]
[SourceQuality "1"]

1. c4 e5 2. Nc3 Nc6 3. g3 g6 4. Bg2 Bg7 5. e4 d6 6. d3 Be6 7. Be3 Nge7 8. Qd2 0-0 9. Nge2 Qd7 10. 0-0 a6 11. b3 f5 12. f4 Nd4 13. Rae1 Rab8 14. Kh1 Nec6 15. Ng1 Rf7 16. Nd5 exf4 17. Nxf4 Ne7 18. Bxd4 Bxd4 19. Nxe6 Bxg1 20. Ng5 Bd4 21. Nxf7 Kxf7 22. exf5 gxf5 23. g4 Kg8 24. Qg5+ Ng6 25. gxf5 1-0